<?xml version="1.0" encoding="UTF-8"?>
<record
    xmlns:xsi="http://www.w3.org/2001/XMLSchema-instance"
    xsi:schemaLocation="http://www.loc.gov/MARC21/slim http://www.loc.gov/standards/marcxml/schema/MARC21slim.xsd"
    xmlns="http://www.loc.gov/MARC21/slim">

  <leader>00914nam a2200325 u 4500</leader>
  <controlfield tag="001">669148</controlfield>
  <controlfield tag="005">20260506091318.0</controlfield>
  <controlfield tag="008">010604s2000                        spa  </controlfield>
  <datafield tag="020" ind1=" " ind2=" ">
    <subfield code="a">843448028X</subfield>
  </datafield>
  <datafield tag="035" ind1=" " ind2=" ">
    <subfield code="a">669148</subfield>
  </datafield>
  <datafield tag="035" ind1=" " ind2=" ">
    <subfield code="a">(OCoLC)45385442</subfield>
  </datafield>
  <datafield tag="040" ind1=" " ind2=" ">
    <subfield code="c">comduadb</subfield>
  </datafield>
  <datafield tag="041" ind1=" " ind2=" ">
    <subfield code="a">spa</subfield>
  </datafield>
  <datafield tag="080" ind1=" " ind2=" ">
    <subfield code="a">WA</subfield>
  </datafield>
  <datafield tag="082" ind1=" " ind2="4">
    <subfield code="a">574</subfield>
  </datafield>
  <datafield tag="100" ind1="1" ind2="0">
    <subfield code="a">Schlesinger, William H.</subfield>
    <subfield code="4">aut</subfield>
    <subfield code="e">aut</subfield>
    <subfield code="9">513828</subfield>
  </datafield>
  <datafield tag="245" ind1="1" ind2="0">
    <subfield code="a">Biogeoquimica : un analisis del cambio global</subfield>
  </datafield>
  <datafield tag="260" ind1=" " ind2=" ">
    <subfield code="a">Barcelona :</subfield>
    <subfield code="b">Editorial Ariel,</subfield>
    <subfield code="c">2000.</subfield>
  </datafield>
  <datafield tag="300" ind1=" " ind2=" ">
    <subfield code="a">579 p&#xE1;ginas</subfield>
  </datafield>
  <datafield tag="650" ind1=" " ind2=" ">
    <subfield code="a">Biogeoquimica</subfield>
    <subfield code="9">82178</subfield>
  </datafield>
  <datafield tag="650" ind1=" " ind2=" ">
    <subfield code="a">Atm&#xF3;sfera</subfield>
    <subfield code="9">1391</subfield>
  </datafield>
  <datafield tag="650" ind1=" " ind2=" ">
    <subfield code="a">Litosfera</subfield>
    <subfield code="9">20523</subfield>
  </datafield>
  <datafield tag="650" ind1=" " ind2=" ">
    <subfield code="a">Biosfera</subfield>
    <subfield code="9">34752</subfield>
  </datafield>
  <datafield tag="650" ind1=" " ind2="7">
    <subfield code="a">Ciclo hidrol&#xF3;gico</subfield>
    <subfield code="2">lemb</subfield>
    <subfield code="9">22911</subfield>
  </datafield>
  <datafield tag="650" ind1=" " ind2="7">
    <subfield code="a">Ciclo del nitr&#xF3;geno</subfield>
    <subfield code="2">lemb</subfield>
    <subfield code="9">201</subfield>
  </datafield>
  <datafield tag="650" ind1=" " ind2="0">
    <subfield code="a">Ciclo del carbono (Biogeoqu&#xED;mica)</subfield>
    <subfield code="9">51979</subfield>
  </datafield>
  <datafield tag="650" ind1=" " ind2=" ">
    <subfield code="a">Ecosistemas</subfield>
    <subfield code="9">29383</subfield>
  </datafield>
  <datafield tag="650" ind1=" " ind2="7">
    <subfield code="a">Bioqu&#xED;mica</subfield>
    <subfield code="2">dcs</subfield>
    <subfield code="9">2109</subfield>
  </datafield>
  <datafield tag="942" ind1=" " ind2=" ">
    <subfield code="c">BOOK</subfield>
  </datafield>
  <datafield tag="999" ind1=" " ind2=" ">
    <subfield code="c">202209</subfield>
    <subfield code="d">202209</subfield>
  </datafield>
  <datafield tag="952" ind1=" " ind2=" ">
    <subfield code="0">0</subfield>
    <subfield code="1">0</subfield>
    <subfield code="4">0</subfield>
    <subfield code="7">0</subfield>
    <subfield code="8">GEN</subfield>
    <subfield code="a">BC</subfield>
    <subfield code="b">BC</subfield>
    <subfield code="d">2023-04-23</subfield>
    <subfield code="e">Al Pie de la Letra</subfield>
    <subfield code="g">99000.00</subfield>
    <subfield code="i">C685040</subfield>
    <subfield code="l">1</subfield>
    <subfield code="o">574.5222 S342</subfield>
    <subfield code="p">61000003859390</subfield>
    <subfield code="r">2025-05-27 09:56:14</subfield>
    <subfield code="s">2025-05-07</subfield>
    <subfield code="t">1</subfield>
    <subfield code="w">2023-04-23</subfield>
    <subfield code="y">BOOK</subfield>
  </datafield>
  <datafield tag="952" ind1=" " ind2=" ">
    <subfield code="0">0</subfield>
    <subfield code="1">0</subfield>
    <subfield code="4">0</subfield>
    <subfield code="7">0</subfield>
    <subfield code="8">GEN</subfield>
    <subfield code="a">BC</subfield>
    <subfield code="b">BC</subfield>
    <subfield code="d">2023-04-23</subfield>
    <subfield code="e">CIS (Corporacion Interuniversitaria de Servicios)</subfield>
    <subfield code="g">115000.00</subfield>
    <subfield code="i">C733661</subfield>
    <subfield code="l">1</subfield>
    <subfield code="o">574.5222 S342 e2</subfield>
    <subfield code="p">61000003634660</subfield>
    <subfield code="r">2025-09-09 20:11:58</subfield>
    <subfield code="s">2025-09-05</subfield>
    <subfield code="t">2</subfield>
    <subfield code="w">2023-04-23</subfield>
    <subfield code="y">BOOK</subfield>
  </datafield>
  <datafield tag="952" ind1=" " ind2=" ">
    <subfield code="0">0</subfield>
    <subfield code="1">0</subfield>
    <subfield code="4">0</subfield>
    <subfield code="7">0</subfield>
    <subfield code="8">GEN</subfield>
    <subfield code="a">BC</subfield>
    <subfield code="b">BC</subfield>
    <subfield code="d">2004-09-24</subfield>
    <subfield code="e">CIS (Corporacion Interuniversitaria de Servicios)</subfield>
    <subfield code="g">15000.00</subfield>
    <subfield code="i">C839786</subfield>
    <subfield code="l">0</subfield>
    <subfield code="o">574.5222 S342 e3</subfield>
    <subfield code="p">0545086</subfield>
    <subfield code="r">2023-04-23 00:00:00</subfield>
    <subfield code="t">3</subfield>
    <subfield code="w">2023-04-23</subfield>
    <subfield code="y">BOOK</subfield>
  </datafield>
  <datafield tag="952" ind1=" " ind2=" ">
    <subfield code="0">0</subfield>
    <subfield code="1">0</subfield>
    <subfield code="4">0</subfield>
    <subfield code="7">0</subfield>
    <subfield code="8">GEN</subfield>
    <subfield code="a">BC</subfield>
    <subfield code="b">BC</subfield>
    <subfield code="d">2004-11-26</subfield>
    <subfield code="e">CIS (Corporacion Interuniversitaria de Servicios)</subfield>
    <subfield code="g">15000.00</subfield>
    <subfield code="i">C849083</subfield>
    <subfield code="l">0</subfield>
    <subfield code="o">574.5222 S342 e4</subfield>
    <subfield code="p">0555079</subfield>
    <subfield code="r">2023-04-23 00:00:00</subfield>
    <subfield code="t">4</subfield>
    <subfield code="w">2023-04-23</subfield>
    <subfield code="y">BOOK</subfield>
  </datafield>
  <datafield tag="952" ind1=" " ind2=" ">
    <subfield code="0">0</subfield>
    <subfield code="1">0</subfield>
    <subfield code="4">0</subfield>
    <subfield code="7">0</subfield>
    <subfield code="8">GENERAL</subfield>
    <subfield code="a">BSP</subfield>
    <subfield code="b">BSP</subfield>
    <subfield code="d">2004-09-25</subfield>
    <subfield code="e">Libreria La Fragua</subfield>
    <subfield code="g">169000.00</subfield>
    <subfield code="i">C839899</subfield>
    <subfield code="l">0</subfield>
    <subfield code="o">WA670 S3-00</subfield>
    <subfield code="p">0544029</subfield>
    <subfield code="r">2023-04-23 00:00:00</subfield>
    <subfield code="t">5</subfield>
    <subfield code="w">2023-04-23</subfield>
    <subfield code="y">BOOK</subfield>
  </datafield>
</record>
